[Event "Superettan(Vasteras II-Rockaden,Umea)"]
[Site "?"]
[Date "2020.10.17"]
[Round "8"]
[White "Nygren, David"]
[Black "Carlsson, Andreas"]
[Result "0-1"]
[WhiteElo "2298"]
[BlackElo "1994"]
[PlyCount "106"]
1. e4 c5 2. c3 d5 3. exd5 Qxd5 4. d4 Nf6 5. Nf3 Bg4 6. Qa4+ Nbd7 7. Be2 a6 8.
c4 Qc6 9. Qxc6 bxc6 10. Be3 cxd4 11. Bxd4 c5 12. Bc3 e6 13. Nbd2 Bh5 14. h3
O-O-O 15. Ba5 Re8 16. Bd1 e5 17. g4 Bg6 18. Nh4 Bd3 19. Ba4 e4 20. O-O-O Bd6
21. Nf5 Bf4 22. Nxg7 Reg8 23. Nf5 Re8 24. Bc3 Re6 25. Ne3 Nb6 26. Bb3 Rd8 27.
Ba5 Rd7 28. Bc3 h5 29. gxh5 Nxh5 30. Rhg1 Bh6 31. Bc2 Nf4 32. Rg8+ Kb7 33. Re1
Nxh3 34. Bxd3 exd3 35. Nb3 Na4 36. Na5+ Ka7 37. Bd2 Nxf2 38. Nb3 f5 39. Rf1
Rxe3 40. Rg6 Bf4 41. Kb1 Re2 42. Bxf4 Rxb2+ 43. Ka1 Rc2 44. Bd2 Ne4 45. Rd1
Rxc4 46. Na5 Nxd2 47. Nc6+ Kb7 48. Ne5 Rdd4 49. Rg7+ Kb6 50. Rg6+ Ka5 51. Nc6+
Kb5 52. a3 Rc2 53. Na7+ Kc4 0-1

[Event "Superettan(RockadenIISthlm-Team Pelaro)"]
[Site "?"]
[Date "2020.10.17"]
[Round "8"]
[White "Svorono, Gabriel"]
[Black "Andreasson, Ingvar"]
[Result "0-1"]
[WhiteElo "2124"]
[BlackElo "2327"]
[PlyCount "82"]
1. e4 d6 2. d4 Nf6 3. Nc3 g6 4. Nf3 Bg7 5. Be3 O-O 6. Qd2 Bg4 7. O-O-O c6 8. h3
Bxf3 9. gxf3 b5 10. Bd3 Nbd7 11. h4 e5 12. dxe5 dxe5 13. Ne2 Qe7 14. Ng3 Nc5
15. Bh6 Ne6 16. Rdg1 Kh8 17. Bxg7+ Nxg7 18. f4 exf4 19. Qxf4 Ngh5 20. Nxh5 Nxh5
21. Qe3 Qf6 22. Be2 Nf4 23. Rg4 Nxe2+ 24. Qxe2 Rad8 25. h5 Rfe8 26. Kb1 Re7 27.
a3 Red7 28. hxg6 fxg6 29. f4 Rd2 30. Qf3 Qd4 31. Qh3 Rd1+ 32. Rxd1 Qxd1+ 33.
Ka2 Qxc2 34. Qc3+ Qxc3 35. bxc3 Kg7 36. Kb3 Rd3 37. Kb4 Re3 38. f5 Kf6 39. fxg6
hxg6 40. Kb3 g5 41. Kc2 Rf3 0-1

[Event "Superettan(Vasteras II-Rockaden,Umea)"]
[Site "?"]
[Date "2020.10.17"]
[Round "8"]
[White "Landgren, Andreas"]
[Black "Malmstig, Erik"]
[Result "1-0"]
[WhiteElo "2239"]
[BlackElo "2206"]
[PlyCount "55"]
1. d4 Nf6 2. c4 e6 3. Nc3 Bb4 4. Qc2 c5 5. dxc5 a5 6. a3 Bxc5 7. Nf3 Nc6 8. Bf4
O-O 9. Rd1 e5 10. Bg5 Nd4 11. Nxd4 Bxd4 12. Bxf6 Qxf6 13. e3 Bxc3+ 14. Qxc3 d6
15. Bd3 Be6 16. Be4 Rac8 17. Bd5 b5 18. O-O bxc4 19. Bxe6 Qxe6 20. Qxa5 Rfd8
21. Rd5 h5 22. Rfd1 h4 23. h3 Qg6 24. Qd2 Rb8 25. Rc1 Rbc8 26. f3 e4 27. f4 Qg3
28. Rg5 1-0

[Event "Superettan(RockadenIISthlm-Team Pelaro)"]
[Site "?"]
[Date "2020.10.17"]
[Round "8"]
[White "Agrest, Inna"]
[Black "Narva, David"]
[Result "1-0"]
[WhiteElo "2290"]
[BlackElo "2015"]
[PlyCount "73"]
1. e4 g6 2. d4 Bg7 3. Nc3 d6 4. Nf3 a6 5. Bf4 b5 6. Qd2 Bb7 7. Bd3 Nd7 8. a4 b4
9. Ne2 a5 10. c3 c5 11. O-O e5 12. Bg5 Ngf6 13. Ng3 h6 14. Be3 Qc7 15. dxe5
dxe5 16. cxb4 axb4 17. b3 Ng4 18. Rac1 Nxe3 19. fxe3 Bc6 20. Bc4 Nf6 21. Nh4
Qd7 22. Qe2 Ra7 23. h3 Qb7 24. Qf3 Qa8 25. Nhf5 gxf5 26. Nxf5 Bf8 27. Nd6+ Bxd6
28. Qxf6 Kd7 29. Rcd1 Qf8 30. Qxf7+ Qe7 31. Qxe7+ Kxe7 32. Rf7+ Ke8 33. Rxa7
Bb8 34. Ra5 Bxe4 35. Rxc5 Ke7 36. Rb5 Ba7 37. Rxe5+ 1-0

[Event "Superettan(Vasteras II-Rockaden,Umea)"]
[Site "?"]
[Date "2020.10.17"]
[Round "8"]
[White "Mardell, Jimmy"]
[Black "Granath, Jonas"]
[Result "0-1"]
[WhiteElo "2138"]
[BlackElo "1760"]
[PlyCount "60"]
1. d4 d5 2. c4 e5 3. dxe5 d4 4. Nf3 Nc6 5. a3 Nge7 6. b4 Ng6 7. Bb2 a5 8. b5
Ncxe5 9. Bxd4 Nxc4 10. e3 Be6 11. Nbd2 Nd6 12. a4 Nf5 13. Bc3 Be7 14. Bc4 Bf6
15. Bxe6 fxe6 16. Qc2 O-O 17. O-O Nfh4 18. Rac1 Qd5 19. Qe4 Qh5 20. Nxh4 Nxh4
21. Qxe6+ Kh8 22. Qh3 Rad8 23. Bxa5 Be5 24. Rc4 g5 25. f4 Qe2 26. fxe5 Rxf1+
27. Nxf1 Qxc4 28. g3 Nf3+ 29. Kh1 g4 30. Qg2 Rd1 0-1

[Event "Superettan(Orgryte-Kungstornet)"]
[Site "?"]
[Date "2020.10.16"]
[Round "7"]
[White "Fransson, Patrick"]
[Black "Aronsson, Marten"]
[Result "0-1"]
[WhiteElo "2150"]
[BlackElo "2219"]
[PlyCount "70"]
1. d4 d5 2. Bg5 f6 3. Bf4 c5 4. e3 Nc6 5. Nf3 e6 6. c3 Bd6 7. Bxd6 Qxd6 8. dxc5
Qxc5 9. b4 Qd6 10. Nbd2 Nge7 11. Bd3 e5 12. e4 Be6 13. b5 Nd8 14. Qc2 Rc8 15.
O-O d4 16. c4 Bd7 17. a4 Ne6 18. Nb3 Ng6 19. g3 b6 20. Qd2 h5 21. Ne1 h4 22.
Nc2 Ng5 23. f4 Nh3+ 24. Kg2 hxg3 25. hxg3 exf4 26. Qb4 Rc5 27. e5 Nxe5 28. Nxc5
bxc5 29. Qe1 Kf8 30. Rd1 f3+ 31. Rxf3 Nxf3 32. Kxf3 Ng5+ 33. Kg2 Bh3+ 34. Kf2
Bg4 35. Rd2 Rh2+ 0-1

[Event "Superettan(Schack 08-Rockaden II,Sthlm)"]
[Site "?"]
[Date "2020.10.16"]
[Round "7"]
[White "Faldt, Magnus"]
[Black "Ekenberg, Ulf"]
[Result "1-0"]
[WhiteElo "2146"]
[BlackElo "1964"]
[PlyCount "79"]
1. d4 d5 2. c4 e6 3. Nc3 c6 4. e3 f5 5. f4 Nf6 6. Nf3 b6 7. Ne5 Bd6 8. Bd3 O-O
9. O-O Bb7 10. cxd5 cxd5 11. Bd2 Ne4 12. Nb5 Ba6 13. a4 Qe7 14. Rc1 Rc8 15. Qe2
Nxd2 16. Qxd2 Rxc1 17. Rxc1 Nd7 18. Nc6 Qf8 19. Nbxa7 Bxd3 20. Qxd3 Nf6 21. Qb3
g5 22. Rf1 Qh6 23. Nb5 Bf8 24. Nc7 Rc8 25. fxg5 Qh4 26. gxf6 Bd6 27. Ne5 Bxc7
28. f7+ Kg7 29. g3 Qe4 30. Rc1 h5 31. Qa3 Bd6 32. Rxc8 Bxa3 33. bxa3 Qxe3+ 34.
Kg2 Qe2+ 35. Kh3 Qg4+ 36. Nxg4 hxg4+ 37. Kg2 Kxf7 38. Rb8 e5 39. Rxb6 exd4 40.
Kf2 1-0

[Event "Superettan(Orgryte-Kungstornet)"]
[Site "?"]
[Date "2020.10.16"]
[Round "7"]
[White "Larsson, Anders"]
[Black "Troberg Eskola, Love"]
[Result "1-0"]
[WhiteElo "2196"]
[BlackElo "2030"]
[PlyCount "89"]
1. d4 d5 2. c4 dxc4 3. Nf3 Nf6 4. e3 b5 5. a4 b4 6. Bxc4 e6 7. O-O Bb7 8. b3
Nbd7 9. Bb2 c5 10. Nbd2 Be7 11. Re1 O-O 12. Rc1 Qb6 13. Bd3 a6 14. Nc4 Qa7 15.
Na5 Rfd8 16. Nxb7 Qxb7 17. Qe2 Ne4 18. Nd2 Nxd2 19. Qxd2 cxd4 20. exd4 Nf6 21.
Qe2 a5 22. Rc4 Qd7 23. Rec1 Nd5 24. Qc2 g6 25. Bf1 Bg5 26. Re1 Rac8 27. g3 Nb6
28. Rc5 Be7 29. Ba6 Rxc5 30. dxc5 Qc6 31. Rc1 Nxa4 32. bxa4 Qxa6 33. c6 Rc8 34.
Qe4 Kf8 35. Qd4 f6 36. Qd7 e5 37. c7 Kf7 38. Rc6 Qb7 39. h4 h5 40. Re6 Re8 41.
c8=Q Qxc8 42. Rxe7+ Kf8 43. Rf7+ Kg8 44. Rg7+ Kh8 45. Rh7+ 1-0

[Event "Superettan(Schack 08-Rockaden II,Sthlm)"]
[Site "?"]
[Date "2020.10.16"]
[Round "7"]
[White "Sandberg, Philip"]
[Black "Wester, Fredrik"]
[Result "1-0"]
[WhiteElo "1881"]
[BlackElo "1953"]
[PlyCount "73"]
1. d4 Nf6 2. c4 c5 3. d5 b5 4. Qc2 bxc4 5. e4 d6 6. Bxc4 g6 7. Nf3 Bg7 8. Bd2
O-O 9. Bc3 Nbd7 10. Nbd2 Nb6 11. Bd3 Bd7 12. a4 Rb8 13. O-O e6 14. a5 Na8 15.
dxe6 Bxe6 16. Bc4 d5 17. exd5 Bf5 18. Bd3 Bxd3 19. Qxd3 Qxd5 20. Ne5 Nc7 21.
Ndc4 Rfd8 22. Qxd5 Rxd5 23. Nc6 Re8 24. Nxa7 Na6 25. Rad1 Nb4 26. Nb6 Rf5 27.
Rfe1 Rxe1+ 28. Rxe1 Nd3 29. Rd1 c4 30. Nxc4 Nf4 31. Ne3 Ne2+ 32. Kf1 Nxc3 33.
Rd8+ Bf8 34. Nxf5 Na4 35. Nd6 Nxb2 36. Nac8 Kg7 37. a6 1-0

[Event "Superettan(Orgryte-Kungstornet)"]
[Site "?"]
[Date "2020.10.16"]
[Round "7"]
[White "Kumar, Rahul"]
[Black "Azizi, Haroon"]
[Result "1-0"]
[WhiteElo "2151"]
[BlackElo "2152"]
[PlyCount "101"]
1. d4 d5 2. Bf4 Nf6 3. e3 e6 4. Nd2 Bd6 5. Bg3 a6 6. Ngf3 O-O 7. Bd3 Re8 8. Ne5
Nbd7 9. O-O Nf8 10. f4 c5 11. c3 cxd4 12. exd4 g6 13. Bh4 Be7 14. g4 N6d7 15.
Bg3 f5 16. Nxd7 Nxd7 17. g5 Nb8 18. a4 Bf8 19. b4 b6 20. Qb3 Bg7 21. Nf3 Ra7
22. Rfe1 Rc7 23. Bf2 Qd6 24. Be3 Bb7 25. Re2 Rec8 26. Bd2 Re7 27. Rae1 Ree8 28.
Kf2 Nc6 29. Kg3 Na7 30. b5 a5 31. Bc1 Bf8 32. Bb2 Rc7 33. h4 Nc8 34. h5 Qd7 35.
hxg6 hxg6 36. Ne5 Qg7 37. Rh2 Bd6 38. Reh1 Bxe5 39. fxe5 Ne7 40. Kf4 Rec8 41.
Rh3 Rc4 42. Be2 R8c7 43. Ba3 Nc8 44. Qb2 Rxa4 45. R1h2 Na7 46. Qb3 Rac4 47. Bd6
a4 48. Qb2 a3 49. Bxa3 R7c5 50. Bxc4 Rxc4 51. Be7 1-0

[Event "Superettan(Upsala-Team Pelaro)"]
[Site "?"]
[Date "2020.10.16"]
[Round "7"]
[White "Agrest, Evgenij"]
[Black "Johansson, Jan"]
[Result "1/2-1/2"]
[WhiteElo "2583"]
[BlackElo "2311"]
[PlyCount "80"]
1. Nf3 c5 2. c4 Nc6 3. d4 cxd4 4. Nxd4 g6 5. Nc2 Bg7 6. e4 Nf6 7. Nc3 d6 8. Be2
Nd7 9. Bd2 O-O 10. O-O Nc5 11. b4 Bxc3 12. Bxc3 Nxe4 13. Bb2 Nf6 14. Qe1 Qb6
15. Rd1 Bf5 16. Ne3 Qxb4 17. Bc3 Qb6 18. Nxf5 gxf5 19. Bd3 Ne4 20. Bxe4 fxe4
21. Qxe4 f6 22. Kh1 Rf7 23. f4 Raf8 24. g4 Nd8 25. g5 Qc6 26. Qxc6 Nxc6 27.
gxf6 exf6 28. Rxd6 h6 29. Kg2 Kh7 30. Kf3 Ne5+ 31. Kf2 Nxc4 32. Re6 Kg6 33. Rd1
Kf5 34. Ree1 Nb6 35. Bd4 Rd8 36. Bxb6 Rxd1 37. Rxd1 axb6 38. Kf3 Rc7 39. Rd5+
Kg6 40. Rb5 Rc2 1/2-1/2

[Event "Superettan(Vasteras II-Kristallen)"]
[Site "?"]
[Date "2020.10.16"]
[Round "7"]
[White "Andersson, Goran L"]
[Black "Eriksson, Anders"]
[Result "1/2-1/2"]
[WhiteElo "2269"]
[BlackElo "2224"]
[PlyCount "199"]
[EventDate "2020.??.??"]
1. e4 c6 2. Nf3 d5 3. Nc3 Nf6 4. Qe2 d4 5. Nb1 c5 6. c4 dxc3 7. dxc3 Nc6 8. Bg5
e5 9. Nbd2 Be7 10. Nc4 Qc7 11. Ne3 Be6 12. Bxf6 Bxf6 13. Nd5 Bxd5 14. exd5 Ne7
15. O-O-O O-O-O 16. Qe4 Kb8 17. d6 Rxd6 18. Rxd6 Qxd6 19. Bc4 Rf8 20. Re1 Ng6
21. g3 Qc7 22. h4 Re8 23. Qf5 Re7 24. g4 Nxh4 25. Nxh4 Bxh4 26. Qxh7 Bg5+ 27.
Kb1 f6 28. Qg8+ Qc8 29. Qxc8+ Kxc8 30. f3 Kc7 31. Bd5 b5 32. Rd1 c4 33. b3 cxb3
34. Bxb3 e4 35. fxe4 Rxe4 36. Rg1 Re3 37. Kc2 Bf4 38. Rd1 Be5 39. Rd3 Re4 40.
Be6 Bd6 41. Bf5 Ra4 42. Kb3 g6 43. Bxg6 Rxg4 44. Be8 a6 45. Rf3 Be5 46. Bf7 Kb6
47. c4 Kc5 48. cxb5 Rb4+ 49. Kc2 Rb2+ 50. Kd3 axb5 51. Ke4 Re2+ 52. Kf5 Bd4 53.
Bb3 Re5+ 54. Kf4 Rg5 55. Ke4 Rg7 56. Rf5+ Be5 57. Rf1 Kb4 58. Be6 Rc7 59. Rb1+
Ka4 60. Bb3+ Ka5 61. Rf1 b4 62. Rd1 Rc3 63. Rf1 Kb5 64. Rf3 Rc1 65. Kd5 Bc3 66.
Kd6 Re1 67. Rf5+ Kb6 68. Rf3 Re2 69. Rf5 Be5+ 70. Kd5 Rd2+ 71. Ke4 Kc5 72. Rf1
Re2+ 73. Kd3 Rh2 74. Rc1+ Bc3 75. Rf1 Rh3+ 76. Ke4 Kd6 77. Rf3 Rh4+ 78. Rf4 Rh2
79. Rf3 Rb2 80. Rf1 Ke7 81. Rf3 Be5 82. Rf1 Re2+ 83. Kf5 Bd6 84. Kg4 Re4+ 85.
Kf3 f5 86. Bc2 Re5 87. Rh1 Rc5 88. Bb3 Rc3+ 89. Ke2 Bg3 90. Rf1 f4 91. Rf3 Rc5
92. Rd3 Rh5 93. Kf3 Rb5 94. Rd5 Rb6 95. Rf5 Rd6 96. Rd5 Re6 97. Rb5 Re3+ 98.
Kg4 Re4 99. Kf3 Rd4 100. Rd5 1/2-1/2

[Event "Superettan(Upsala-Team Pelaro)"]
[Site "?"]
[Date "2020.10.16"]
[Round "7"]
[White "Burwick, Malte"]
[Black "Sorensen, Hampus"]
[Result "0-1"]
[WhiteElo "2254"]
[BlackElo "2384"]
[PlyCount "70"]
1. Nf3 d5 2. g3 Nd7 3. d4 Nb6 4. Bg2 Bf5 5. a4 a5 6. b3 e6 7. O-O h6 8. Nbd2
Nf6 9. Bb2 Be7 10. Ne5 Nbd7 11. c4 c6 12. Nxd7 Qxd7 13. f3 Bh7 14. e4 O-O 15.
e5 Ne8 16. f4 Nc7 17. c5 Na6 18. Bc3 b6 19. cxb6 Nb4 20. Bh3 Nc2 21. f5 Ne3 22.
Qe2 Nxf1 23. Qxf1 exf5 24. b4 axb4 25. Bb2 c5 26. a5 c4 27. Nxc4 dxc4 28. Qxc4
Bg5 29. Qxb4 Be3+ 30. Kf1 Qc6 31. Ke2 f4 32. gxf4 Bxf4 33. d5 Qc2+ 34. Kf3 Qd3+
35. Kf2 Qe3+ 0-1

[Event "Superettan(Vasteras II-Kristallen)"]
[Site "?"]
[Date "2020.10.16"]
[Round "7"]
[White "Landgren, Andreas"]
[Black "Lindh, Fredrik"]
[Result "0-1"]
[WhiteElo "2239"]
[BlackElo "2284"]
[PlyCount "132"]
1. d4 Nf6 2. c4 g6 3. Nc3 d5 4. Nf3 Bg7 5. Qb3 dxc4 6. Qxc4 O-O 7. e4 Bg4 8.
Be3 Nfd7 9. Rd1 Nb6 10. Qb3 e6 11. Be2 Nc6 12. Ng1 Bxe2 13. Ngxe2 Qe7 14. O-O
Rad8 15. e5 Na5 16. Qc2 Nd5 17. Ne4 h6 18. Qc1 Qh4 19. Nf4 Nxf4 20. Bxf4 Nc6
21. g3 Qh5 22. Be3 Rd5 23. Nc3 Rd7 24. f3 Rfd8 25. Ne2 g5 26. Kg2 Qg6 27. Rd2
Bxe5 28. dxe5 Rxd2 29. Bxd2 Qd3 30. Bxg5 Qxe2+ 31. Rf2 Qd1 32. Bxh6 Qxc1 33.
Bxc1 Nxe5 34. Bg5 Rd5 35. h4 Kg7 36. Rd2 Rb5 37. b3 c5 38. Bf4 Ng6 39. Bb8 a5
40. h5 Ne7 41. Rd7 Nc6 42. Bf4 c4 43. g4 cxb3 44. axb3 e5 45. Bc1 Rc5 46. Be3
Rc3 47. Bf2 Rxb3 48. g5 Kg8 49. Bh4 Rb4 50. Be1 Rb2+ 51. Kh3 a4 52. h6 Rb1 53.
Bh4 Rh1+ 54. Kg3 Nd4 55. h7+ Kxh7 56. Rxf7+ Kg8 57. g6 Rg1+ 58. Kf2 Rxg6 59.
Rxb7 Ra6 60. Bg3 Nc6 61. f4 a3 62. Rb1 a2 63. Ra1 Nd4 64. f5 Nb3 65. Rg1 a1=Q
66. Bxe5+ Qxg1+ 0-1

[Event "Superettan(Upsala-Team Pelaro)"]
[Site "?"]
[Date "2020.10.16"]
[Round "7"]
[White "Winsnes, Rikard"]
[Black "Wagner, Stephan"]
[Result "1/2-1/2"]
[WhiteElo "2372"]
[BlackElo "2185"]
[PlyCount "81"]
1. e4 d5 2. exd5 Qxd5 3. Nc3 Qd6 4. d4 Nf6 5. Nf3 c6 6. Ne5 Nbd7 7. Nc4 Qc7 8.
Qf3 Nb6 9. Bf4 Qd8 10. Be5 Be6 11. Ne3 Qd7 12. h3 O-O-O 13. O-O-O Nfd5 14.
Nexd5 Bxd5 15. Nxd5 Qxd5 16. Qa3 a5 17. Qb3 Qxb3 18. axb3 e6 19. c4 c5 20. Be2
f6 21. dxc5 Rxd1+ 22. Rxd1 fxe5 23. cxb6 Bc5 24. Bg4 Re8 25. f3 Bxb6 26. Rd6
Kc7 27. Rxe6 Rxe6 28. Bxe6 Bd4 29. Kc2 Kd6 30. Bg8 h6 31. b4 axb4 32. b3 b6 33.
Kd3 Ke7 34. Ke4 Kf6 35. Bd5 Bf2 36. Bb7 h5 37. Bc8 h4 38. Bg4 Bc5 39. Kd5 Bf2
40. Bc8 Bc5 41. Ke4 1/2-1/2

[Event "Superettan(Vasteras II-Kristallen)"]
[Site "?"]
[Date "2020.10.16"]
[Round "7"]
[White "Walinder, Lars"]
[Black "Kretz, Johan"]
[Result "0-1"]
[WhiteElo "2280"]
[BlackElo "2204"]
[PlyCount "74"]
1. c4 Nf6 2. Nc3 c5 3. Nf3 e6 4. e3 a6 5. d4 d5 6. cxd5 exd5 7. b3 cxd4 8. Nxd4
Bb4 9. Bd2 Nc6 10. Be2 Nxd4 11. exd4 Qa5 12. Qc1 Ne4 13. Nxe4 dxe4 14. Bxb4
Qxb4+ 15. Qd2 Qd6 16. O-O O-O 17. Rfd1 Be6 18. Rac1 Rac8 19. d5 Rxc1 20. Qxc1
Bd7 21. Qe3 f5 22. g3 Rc8 23. Rc1 b5 24. Rxc8+ Bxc8 25. a4 Qxd5 26. axb5 axb5
27. Qb6 Bd7 28. Qd8+ Kf7 29. Qh8 f4 30. Qxh7 f3 31. Bf1 Bc6 32. b4 Qe5 33. h4
e3 34. Bd3 e2 35. Qg6+ Ke7 36. Qxc6 e1=Q+ 37. Bf1 Qxf1+ 0-1

[Event "Superettan(Upsala-Team Pelaro)"]
[Site "?"]
[Date "2020.10.16"]
[Round "7"]
[White "Foster, David"]
[Black "Andreasson, Ingvar"]
[Result "1/2-1/2"]
[WhiteElo "2090"]
[BlackElo "2327"]
[PlyCount "49"]
1. e4 c5 2. d4 cxd4 3. c3 d3 4. Bxd3 Nc6 5. Nf3 d6 6. O-O g6 7. c4 Bg7 8. Nc3
Nf6 9. Be3 Bg4 10. Rc1 O-O 11. b3 Nd7 12. Be2 Nc5 13. Nd2 Bxe2 14. Qxe2 Qa5 15.
Ndb1 Ne6 16. Rfd1 Ned4 17. Qd2 f5 18. Nb5 Qxd2 19. Rxd2 Ne6 20. exf5 Rxf5 21.
N5c3 Rf7 22. Nd5 Bd4 23. Rcd1 Bxe3 24. Nxe3 Kg7 25. Nc3 1/2-1/2

[Event "Superettan(Vasteras II-Kristallen)"]
[Site "?"]
[Date "2020.10.16"]
[Round "7"]
[White "Carlsson, Andreas"]
[Black "Ostling, Hakan"]
[Result "0-1"]
[WhiteElo "1994"]
[BlackElo "2153"]
[PlyCount "56"]
1. d4 f5 2. e4 fxe4 3. Nc3 Nf6 4. Bg5 c6 5. f3 Qa5 6. Bxf6 exf6 7. fxe4 Ba3 8.
bxa3 Qxc3+ 9. Kf2 O-O 10. Rb1 Qxa3 11. Bc4+ Kh8 12. Qh5 f5 13. Rb3 fxe4+ 14.
Ke2 Qc1 15. Nf3 Qxc2+ 16. Nd2 d5 17. Rf1 Rg8 18. Rg3 e3 19. Kxe3 dxc4 20. Nf3
Bf5 21. Ng5 Qd3+ 22. Kf2 Qxd4+ 23. Ke2 Bd3+ 24. Rxd3 Qxd3+ 25. Ke1 Qe3+ 26. Kd1
Rd8+ 27. Kc2 Rd2+ 28. Kb1 Qd3+ 0-1

[Event "Superettan(Upsala-Team Pelaro)"]
[Site "?"]
[Date "2020.10.16"]
[Round "7"]
[White "Agrest, Inna"]
[Black "Buchert, Vitus"]
[Result "1-0"]
[WhiteElo "2290"]
[BlackElo "1940"]
[PlyCount "64"]
1. e4 c5 2. Nf3 d6 3. d4 cxd4 4. Nxd4 Nf6 5. Nc3 g6 6. Be3 Bg7 7. f3 O-O 8. Qd2
Nc6 9. Bc4 Bd7 10. Bb3 Na5 11. O-O Rc8 12. Qd3 a6 13. Kh1 b5 14. Rad1 Nxb3 15.
axb3 b4 16. Na4 e5 17. Ne2 Bb5 18. Qd2 Qc7 19. c3 d5 20. Nb6 Rb8 21. exd5 Rxb6
22. Bxb6 Qxb6 23. c4 Bd7 24. Ng3 Rc8 25. Rde1 Ne8 26. f4 exf4 27. Qxf4 f5 28.
Re7 Qd8 29. Rfe1 Bf6 30. R7e2 Qb6 31. Qh6 Nd6 32. Nh5 gxh5 1-0

[Event "Superettan(Vasteras II-Kristallen)"]
[Site "?"]
[Date "2020.10.16"]
[Round "7"]
[White "Naslund, Mikael"]
[Black "Granath, Jonas"]
[Result "1-0"]
[WhiteElo "2148"]
[BlackElo "1760"]
[PlyCount "75"]
1. d4 d5 2. c4 e5 3. dxe5 d4 4. Nf3 Nc6 5. Nbd2 Nh6 6. Nb3 Ng4 7. a3 Ngxe5 8.
Nxe5 Nxe5 9. Nxd4 Be6 10. Bf4 Nxc4 11. e3 Nd6 12. Nxe6 fxe6 13. Qb3 Qf6 14. Be2
O-O-O 15. Rc1 g5 16. Bg3 Bg7 17. Qc2 c6 18. b4 Qb2 19. O-O Qxc2 20. Rxc2 Ne4
21. b5 c5 22. Bf3 Nc3 23. Rfc1 Rd3 24. h4 b6 25. hxg5 Kd7 26. a4 Nd5 27. a5 Rb3
28. axb6 axb6 29. Ra2 Bc3 30. Ra7+ Kd8 31. Rxc3 Nxc3 32. Ra8+ Ke7 33. Rxh8 Nxb5
34. Rxh7+ Kf8 35. g6 c4 36. Be5 c3 37. g7+ Kf7 38. Bh5+ 1-0

[Event "Superettan(Upsala-Team Pelaro)"]
[Site "?"]
[Date "2020.10.16"]
[Round "7"]
[White "Carlfors, Viktor"]
[Black "Rasti, Arvin"]
[Result "0-1"]
[WhiteElo "1828"]
[BlackElo "2164"]
[PlyCount "100"]
1. d4 Nf6 2. Nf3 c5 3. d5 d6 4. Nc3 g6 5. e4 Bg7 6. Be2 O-O 7. O-O Na6 8. Nd2
Nc7 9. a4 b6 10. Nc4 Ba6 11. f4 Rb8 12. Bd2 Rb7 13. Kh1 Qb8 14. Ne3 Bxe2 15.
Qxe2 Nd7 16. Nc4 Nf6 17. Nd1 Qd8 18. Bc3 e6 19. dxe6 fxe6 20. e5 dxe5 21. Bxe5
Ncd5 22. Nc3 Rd7 23. Ne4 Nxe4 24. Qxe4 Bxe5 25. Nxe5 Nf6 26. Qc4 Rd5 27. Rae1
Qd6 28. Re2 Rd4 29. Qa6 Rxf4 30. Rfe1 Ne4 31. Nf3 Ng5 32. Nd2 c4 33. h3 R8f7
34. c3 Qc6 35. Qb5 Qxb5 36. axb5 R7f5 37. Ne4 Nxe4 38. Rxe4 Rxe4 39. Rxe4 Rc5
40. Rxe6 Rxb5 41. Re4 Rxb2 42. Rxc4 a5 43. Rc7 a4 44. Ra7 b5 45. c4 bxc4 46.
Rxa4 c3 47. Rc4 c2 48. Kh2 Kf7 49. Kg3 Ke6 50. Kf4 Rb4 0-1

[Event "Superettan(Vasteras II-Kristallen)"]
[Site "?"]
[Date "2020.10.16"]
[Round "7"]
[White "Adahl, Mattias"]
[Black "Persson, Andreas"]
[Result "1-0"]
[WhiteElo "2082"]
[BlackElo "2129"]
[PlyCount "111"]
1. d4 d5 2. c4 c6 3. Nf3 Nf6 4. g3 Bf5 5. Nc3 e6 6. Bg2 h6 7. O-O Be7 8. b3
Nbd7 9. Bb2 O-O 10. Re1 Bh7 11. e3 Re8 12. a3 Rc8 13. c5 Ne4 14. b4 Bf6 15. Nd2
Nxc3 16. Bxc3 e5 17. Nb3 Qc7 18. a4 Re7 19. b5 Rce8 20. b6 axb6 21. cxb6 Qd6
22. a5 exd4 23. exd4 Rxe1+ 24. Bxe1 Qe7 25. Bd2 Nf8 26. Ra4 Ne6 27. Bb4 Qd8 28.
Bc5 Bf5 29. h3 Ng5 30. Kh2 Bc8 31. a6 bxa6 32. Na5 Qd7 33. Rb4 Bb7 34. h4 Ne6
35. Bh3 Rb8 36. Qf3 Qd8 37. Bxe6 fxe6 38. Qf4 Qc8 39. Qc7 Kh7 40. Qxc8 Bxc8 41.
Nxc6 Rb7 42. Na5 Kg6 43. Nxb7 Bxb7 44. Rb1 Kf5 45. f3 e5 46. g4+ Ke6 47. Re1 e4
48. Kg3 Kd7 49. f4 Kc6 50. g5 hxg5 51. fxg5 Bd8 52. Kf4 g6 53. Ke5 Bc8 54. h5
Bxg5 55. hxg6 Bh6 56. Kf6 1-0

[Event "Superettan(Vasteras II-Kristallen)"]
[Site "?"]
[Date "2020.10.16"]
[Round "7"]
[White "Lindfors, Tom"]
[Black "Stridh, Mattias"]
[Result "1-0"]
[WhiteElo "2092"]
[BlackElo "1617"]
[PlyCount "59"]
1. e4 c5 2. c3 e5 3. Nf3 Nc6 4. Bc4 Nf6 5. Ng5 d5 6. exd5 Nxd5 7. Qf3 Be6 8. d3
Be7 9. Nxe6 fxe6 10. Qg4 Qd7 11. Qxg7 O-O-O 12. Qh6 Rdg8 13. g3 Rg6 14. Qh5 a6
15. Bb3 Rhg8 16. Na3 Nxc3 17. bxc3 Qxd3 18. Be3 Qxc3+ 19. Ke2 Nd4+ 20. Bxd4
Qxd4 21. Nc2 Qe4+ 22. Ne3 Rf8 23. Bc2 Qc6 24. Bxg6 hxg6 25. Qg4 Qb5+ 26. Nc4
Qc6 27. Rhd1 Qg2 28. Rf1 Rf4 29. Qxe6+ Kd8 30. gxf4 1-0

[Event "Superettan(Vasteras II-Kristallen)"]
[Site "?"]
[Date "2020.10.16"]
[Round "7"]
[White "Bjorkman, Filip"]
[Black "Dingertz, Erik"]
[Result "0-1"]
[WhiteElo "1950"]
[BlackElo "1947"]
[PlyCount "119"]
1. e4 e5 2. f4 Bc5 3. Nf3 d6 4. c3 Bg4 5. Bc4 Nc6 6. h3 Bxf3 7. Qxf3 Qf6 8. b4
Bb6 9. a4 a5 10. b5 Nce7 11. fxe5 dxe5 12. Ke2 Ng6 13. d3 Qxf3+ 14. gxf3 f6 15.
Be3 Bxe3 16. Kxe3 O-O-O 17. Nd2 N8e7 18. Rab1 b6 19. h4 Nf4 20. Rbg1 g6 21. Nb3
Kb7 22. Nc1 Nc8 23. Ne2 Nd6 24. Bb3 Nxe2 25. Kxe2 Ne8 26. Rh2 Ng7 27. Bd5+ Kb8
28. Ke3 Nh5 29. Rd2 Nf4 30. Bc4 Rd6 31. d4 Rhd8 32. Rgd1 Kc8 33. Kf2 R8d7 34.
Ke3 Kd8 35. d5 Ke7 36. Bf1 f5 37. c4 Rf6 38. c5 bxc5 39. Rc2 Ne6 40. Rdc1 Nd4
41. Rxc5 Nb3 42. Rxc7 Nxc1 43. Rxc1 Kd8 44. Bh3 Rc7 45. Rc6 Rcxc6 46. bxc6 Kc7
47. f4 exf4+ 48. Kxf4 fxe4+ 49. Ke5 e3 50. Bg4 h5 51. Be2 Rf2 52. Bb5 Rd2 53.
Kf6 Rxd5 54. Kxg6 Rxb5 55. axb5 e2 56. b6+ Kxc6 57. b7 Kxb7 58. Kxh5 e1=Q 59.
Kg5 Qe8 60. h5 0-1

[Event "Superettan(Orgryte-Kungstornet)"]
[Site "?"]
[Date "2020.10.16"]
[Round "7"]
[White "Lyrberg, Patrik"]
[Black "Ziegler, Ari"]
[Result "1/2-1/2"]
[WhiteElo "2452"]
[BlackElo "2305"]
[PlyCount "88"]
[SourceDate "2020.10.22"]
1. Nf3 g6 2. d4 Bg7 3. e4 d6 4. h3 Nf6 5. Bd3 O-O 6. Bg5 Nbd7 7. Nbd2 e5 8. c3
b6 9. O-O h6 10. Bh4 g5 11. Bg3 Nh5 12. Nxe5 Nxe5 13. dxe5 dxe5 14. Bc4 Nf4 15.
Re1 Bb7 16. Qc2 Qf6 17. Nf1 Qg6 18. f3 b5 19. Be2 a6 20. Ne3 Rfe8 21. a4 Nxe2+
22. Qxe2 bxa4 23. Rxa4 Bf8 24. Ra5 Bd6 25. Bf2 Rad8 26. Rd1 Bc8 27. c4 c6 28.
Raa1 h5 29. Nf5 Bxf5 30. exf5 Qxf5 31. Qe4 Qxe4 32. fxe4 Bb4 33. Rxd8 Rxd8 34.
Rxa6 Rd1+ 35. Kh2 Rd2 36. Be3 Rxb2 37. Rxc6 Bd2 38. Rb6 Rc2 39. Bxd2 Rxd2 40.
c5 Rc2 41. h4 Kg7 42. hxg5 Rxc5 43. Kg3 Rc4 44. Kf3 Rc3+ 1/2-1/2

[Event "Superettan(Schack 08-Rockaden II,Sthlm)"]
[Site "?"]
[Date "2020.10.16"]
[Round "7"]
[White "Bryntze, Stefan"]
[Black "Ottenklev, Niclas"]
[Result "1/2-1/2"]
[WhiteElo "2182"]
[BlackElo "2192"]
[PlyCount "82"]
[SourceDate "2020.10.24"]
1. f4 g6 2. Nf3 Bg7 3. e3 Nf6 4. b3 O-O 5. Bb2 b6 6. Be2 Bb7 7. O-O c5 8. Qe1
e6 9. a4 Nc6 10. Na3 d5 11. Rd1 Qe7 12. Bb5 Ne4 13. Bxg7 Kxg7 14. d3 Nd6 15.
Bxc6 Bxc6 16. Ne5 Bb7 17. Nb5 f6 18. Nxd6 Qxd6 19. Nf3 Rad8 20. Qg3 d4 21. e4
f5 22. Rde1 fxe4 23. Ng5 h6 24. Nxe4 Bxe4 25. Rxe4 Rf6 26. Rfe1 Rdf8 27. Qg4
Rxf4 28. Rxe6 Rxg4 29. Rxd6 Rgf4 30. g3 R4f6 31. Rxf6 Rxf6 32. Re8 a5 33. Kg2
g5 34. Rb8 Kg6 35. g4 Re6 36. Kf2 Kg7 37. Rb7+ Kg6 38. h3 Kf6 39. Rb8 Kg7 40.
Rb7+ Kf6 41. Rb8 Kg7 1/2-1/2